| 000 | 00503nam a2200205Ia 4500 | ||
|---|---|---|---|
| 003 | OSt | ||
| 005 | 20230425110126.0 | ||
| 008 | 210423s2013 xx 000 0 und d | ||
| 020 | _a8121902789 | ||
| 040 | _cAL | ||
| 041 | _aeng | ||
| 082 |
_a657.046 _223 _bSHUM |
||
| 100 |
_aSHUKLA (M C);others _992361 |
||
| 245 | _aAdvanced accounts. | ||
| 260 |
_aNew Delhi _bSultan Chand & Sons _c2013 |
||
| 300 |
_axvi,32.16 _bPB |
||
| 365 |
_b800 _cINR |
||
| 906 | _aaccounts. ; Advanced | ||
| 942 |
_2ddc _cBK |
||
| 999 |
_c160967 _d160967 |
||